Statistics for Top 50 Countries With The Highest HDI

Click here to take the quiz!

General Stats

  • This quiz has been taken 135 times
  • The average score is 44 of 50

Answer Stats

HDICountry% Correct
0.948Sweden
100%
0.952Denmark
99%
0.960Norway
99%
0.962Switzerland
99%
0.940Finland
98%
0.911Spain
98%
0.925United Kingdom
98%
0.935Canada
97%
0.941Germany
97%
0.939Japan
97%
0.866Portugal
97%
0.887Poland
96%
0.919United States
96%
0.918Austria
95%
0.959Iceland
95%
0.945Netherlands
95%
0.927South Korea
95%
0.937Belgium
94%
0.889Greece
93%
0.942Ireland
93%
0.903France
92%
0.890Italy
92%
0.936Liechtenstein
92%
0.930Luxembourg
92%
0.919Slovenia
92%
0.858Croatia
91%
0.951Australia
90%
0.937New Zealand
90%
0.853Slovakia
89%
0.897Estonia
88%
0.863Latvia
88%
0.875Lithuania
88%
0.939Singapore
88%
0.916United Arab Emirates
88%
0.858Andorra
86%
0.895Czech Republic
86%
0.855Qatar
86%
0.918Israel
85%
0.921Malta
84%
0.846Hungary
83%
0.848Argentina
82%
0.875Saudi Arabia
82%
0.861Chile
81%
0.832Kuwait
80%
0.876Bahrain
78%
0.829Oman
77%
0.905Cyprus
74%
0.842Turkey
72%
0.838Montenegro
54%
0.831Bahamas
47%

Score Distribution

Percentile by Number Answered

Percent of People with Each Score

Your Score History

You have not taken this quiz